00470nam a22001337a 4500020001600000082001000016100002600026245009000052260003600142300002600178650004000204700003500244856005700279 qHard Cover. a670.5 aSaeed, MuhammadHamad. aInvestigation on the Micromilling of Titanium allyos Ti6A14V /cMuhammad Hamad Saeed. aIslamabad:bSMME - NUST,c2019. a29 p. : ill. ;c30cm. aDesign and Manufacturing MS-Thesis. aDr. Syed Husain Imran Jaffery. uhttp://10.250.8.41:8080/xmlui/handle/123456789/12443